000053550 001__ 53550
000053550 005__ 20250827141348.0
000053550 041__ $$aeng
000053550 0881_ $$aGSI Report 1982-1
000053550 088__ $$2GSI$$aGSI Report 1982-1
000053550 1001_ $$0P:(DE-Ds200)BUDP1-0358$$aSiegert, Günter$$b0$$eEditor$$ugsi
000053550 245__ $$aGSI Scientific Report 1981 [GSI Report 1982-1]
000053550 260__ $$aDarmstadt$$bGSI$$c1982
000053550 300__ $$a390 p.
000053550 3367_ $$0PUB:(DE-HGF)3$$2PUB:(DE-HGF)$$aBook$$bbook$$mbook$$s1369844369_7212
000053550 3367_ $$2DRIVER$$abook
000053550 3367_ $$2BibTeX$$aBOOK
000053550 3367_ $$01$$2EndNote$$aBook
000053550 3367_ $$0PUB:(DE-HGF)15$$2PUB:(DE-HGF)$$aInternal Report$$mintrep
000053550 4900_ $$aGSI Report$$v1982-1$$x0171-4546
000053550 4900_ $$aGSI Scientific Report$$v1981$$x0174-0814
000053550 500__ $$aWissenschaftlicher Ergebnisbericht der GSI, GSI Annual Report
000053550 8564_ $$uhttps://repository.gsi.de/record/53550/files/GSI-Report-1982-1.pdf$$yOpenAccess
000053550 8527_ $$2DE-Ds200$$aGSI/FAIR Library$$bMain$$cReport 1982-1$$hReport$$p00049658$$t1
000053550 8767_ $$2DE-Ds200$$aGSI/FAIR Library$$d2022-06-24$$eUnknown$$hnot for loan$$javailable$$p00049658$$t1
000053550 909CO $$ooai:repository.gsi.de:53550$$pdnbdelivery$$pdriver$$pVDB$$popen_access$$popenaire$$qec_fundedresources
000053550 9141_ $$y1982
000053550 915__ $$0StatID:(DE-HGF)0510$$2StatID$$aOpenAccess
000053550 9101_ $$0I:(DE-Ds200)20121206GSI$$6P:(DE-Ds200)OR0387$$aGSI Helmholtzzentrum für Schwerionenforschung GmbH$$b0$$kGSI
000053550 9131_ $$0G:(DE-HGF)POF2-533$$1G:(DE-HGF)POF2-530$$2G:(DE-HGF)POF2-500$$3G:(DE-HGF)POF2$$4G:(DE-HGF)POF$$aDE-HGF$$bStruktur der Materie$$lPhysik der Hadronen und Kerne$$vExotic Nuclei and Nuclear Astrophysics (ENNA)$$x0
000053550 920__ $$lyes
000053550 9201_ $$0I:(DE-Ds200)BUD-20051214OR030$$kBUD$$lBibliothek & Dokumentation$$x0
000053550 9201_ $$0I:(DE-Ds200)RED-20051214OR019$$kRED$$lForschung FAIR & GSI$$x1
000053550 9801_ $$aFullTexts
000053550 9801_ $$aGSIasPublisher
000053550 9801_ $$aGSI Report
000053550 9801_ $$aGSI Scientific Report
000053550 980__ $$abook
000053550 980__ $$aVDB
000053550 980__ $$aUNRESTRICTED
000053550 980__ $$aintrep
000053550 980__ $$aI:(DE-Ds200)20120319OR030
000053550 980__ $$aI:(DE-Ds200)BUD-20051214OR030
000053550 980__ $$aI:(DE-Ds200)20120123OR019
000053550 980__ $$aI:(DE-Ds200)RED-20051214OR019
000053550 980__ $$aGSI Scientific Report 1981
000053550 980__ $$aGSI Scientific Report
000053550 980__ $$aGSI Report
000053550 980__ $$aGSI Report 1981
000053550 980__ $$aGSIasPublisher
000053550 980__ $$aFullTexts
000053550 9801_ $$aOPAC